01388nam a2200241Ia 4500001001100000003001000011008004100021040002500062041001300087100002600100245002400126250001100150260006400161300002700225500026400252501011400516520026400630650003400894942000700928957000600935999004300941952016200984L240-12215IT-CnALBA170116s9999||||xx |||||||||||||| ||und|| aIT-CnALBAcIT-CnALBA aITALIANO aGUIBERT JOSEPH, MONS. 0aRITIRO SPIRITUALE.  a1a ed. a PARISbLETHIELLEUX P. EDIT. ET LIBR. c1911 [1° Ed.:1911] a374 p. (prefazione: 5) aTRADUZIONE DAL FRANCESE DI SCOTT U. FINE DELL'UOMO. ANIMA. PECCATO MORTE. GIUDIZIO FEDE. AMORE DI CRISTO. PIETÀ COSCIENZA. VOLONTÀ CARATTERE. CUORE. APOSTOLATO. GIOIE E DOLORI. MISERICORDIA INSEGNAMENTO RELIGIOSO. VITA MORALE. PRATICA RELIGIOSA. REGOLA DI aSocietà San Paolo EM - Piazza San Paolo, 14 - 12051 ALBA (CN) (non commercial uses only) ® Copyright 2017 aTRADUZIONE DAL FRANCESE DI SCOTT U. FINE DELL'UOMO. ANIMA. PECCATO MORTE. GIUDIZIO FEDE. AMORE DI CRISTO. PIETÀ COSCIENZA. VOLONTÀ CARATTERE. CUORE. APOSTOLATO. GIOIE E DOLORI. MISERICORDIA INSEGNAMENTO RELIGIOSO. VITA MORALE. PRATICA RELIGIOSA. REGOLA DI aTEOLOGIA SPIRITUALE CRISTIANA cBK 71 a16968bSI g Copie: 1 c271392d271392 0010406L_2401221571aALBAbALBAd2017-01-16l0oL240-12215r2017-01-16 00:00:00w2017-01-16yBKz(data import: 16 gennaio 2017) - By Epidotti, Vaglietti.